00690nam a22001697a 4500008004100000020001500041050001900056100002700075245009200102250001900194260003300213300001800246500014200264650003400406650003700440700004300477140910t20101946mx |||| |||| 00| 0 spa d a9700756521 aK155bP55 2010 aPina, Rafael deeautor aInstituciones de derecho procesal civilc / Rafael de Pina, José Castillo Larrañaga a29a. edición aMéxicob: Porrúac, 2010 a546 páginas aIncluye: prólogo a la primera edición (p. 9) advertencia preliminar a la septima edición (p. 11) nota a la decima edición (p. 13)14aPROCEDIMIENTO CIVILxMÉXICO24aDERECHO PROCESAL CIVILxMÉXICO aCastillo Larrañaga, Josée/coautor